Cash management by small to medium-sized Singapore based companies /
محفوظ في:
| المؤلف الرئيسي: | |
|---|---|
| التنسيق: | أطروحة كتاب |
| اللغة: | English |
| منشور في: |
1986.
|
| الموضوعات: | |
| الوسوم: |
إضافة وسم
لا توجد وسوم, كن أول من يضع وسما على هذه التسجيلة!
|
| LEADER | 00869cam a2200265 a 4500 | ||
|---|---|---|---|
| 001 | u50054 | ||
| 003 | SIRSI | ||
| 008 | 870609s1986 si v 00 1 eng m | ||
| 015 | |a X860002302 | ||
| 035 | |a AAF-3864 | ||
| 040 | |a UMM | ||
| 043 | |a a-si--- | ||
| 050 | 0 | |a HG4028.C45 | |
| 090 | |a HG4028 |b C45Nat | ||
| 100 | 1 | 0 | |a Nathan, Arul. |
| 245 | 1 | 0 | |a Cash management by small to medium-sized Singapore based companies / |c by Arul Nathan. |
| 260 | |c 1986. | ||
| 300 | |a v, 92 leaves ; |c 30cm. | ||
| 502 | |a Dissertation (M.B.A.) - National University of Singapore, 1986 | ||
| 504 | 0 | 0 | |a Bibliography: leaves 91-92 |
| 650 | 0 | |a Cash management |z Singapore. | |
| 650 | 0 | |a Corporations |z Singapore |x Finance. | |
| 948 | |a 16/03/1991 |b 27/11/2000 | ||
| 596 | |a 1 | ||
| 999 | |a F HG4028 C45NAT |w LC |c 1 |i A010253068 |l STACKS |m P01UTAMA |r Y |s Y |t TESIS |u 18/10/1991 |o .STAFF. Shadowed (Koyak) -RJ (27/1/06) | ||
